000 00417nam a22001577a 4500
999 _c1377
_d1377
008 200123b ||||| |||| 00| 0 eng d
082 0 0 _a621.9
_bW1311
100 _9981
_aWagener, Albert M.
245 1 0 _aMachine shop, theory and practice
_cby Albert M Wagener
250 _a2nd
260 _aToronto
_bVan-Nostrand
_c1950
300 _axiii,306p.
365 _d18.00
650 0 _aMachine Shop Practice
942 _cBK